| 000 | 00807cab a2200241 4500 | ||
|---|---|---|---|
| 001 | WB3507-35 | ||
| 008 | 090401t1999 xxu||||| |||| 00| 0 eng d | ||
| 035 | _a(Sirsi) u91365 | ||
| 041 | _aeng | ||
| 245 | _aSPG proposals | ||
| 260 | _c1999 | ||
| 350 | _a0 | ||
| 490 |
_aSolicitors` Journal _v143(6) 12 February 1999, 124(1) |
||
| 520 | _aThe Solicitors Property Group is backing `security unspecified` mortgages as the main tenent of its proposals to reform the property market. | ||
| 650 | _aPROPERTY-RESIDENTIAL PROPERTY-ACQUISITION AND DISPOSAL OF RESIDENTIAL PROPERTY | ||
| 650 | _aMORTGAGE MARKET | ||
| 650 | _aPROPERTY TRANSACTIONS | ||
| 650 | _aSECURITY UNSPECIFIED MORTGAGES | ||
| 650 | _aSOLICITORS PROPERTY GROUP | ||
| 690 | _aHOUSING-FINANCE | ||
| 942 | _n0 | ||
| 948 | _c17/02/1999 | ||
| 999 |
_c57989 _d57989 |
||